Praktická príručka pre organizácie nezriadené za účelom podnikania, účtujúce v podvojnom účtovníctve

Gespeichert in:
Bibliographische Detailangaben
Hauptverfasser: Dobešová, Marcela (Verfasst von), Vršková, Jana (Verfasst von)
Format: Buch
Sprache:Slowakisch
Veröffentlicht: Bratislava : Slovenské neziskové servisné centrum, 2005
Ausgabe:1. vyd
Schlagworte:
Tags: Tag hinzufügen
Keine Tags, Fügen Sie das erste Tag hinzu!

MARC

LEADER 00000nam a22000003a 4500
001 stu120570
005 20150617225914.0
008 060613s2005----xo------------------slo-d
020 |a 80-968754-4-2 
040 |a STU  |b slo 
041 0 |a slo 
044 |a xo 
080 |a 657.12 
100 1 |a Dobešová, Marcela  |4 aut 
245 1 |a Praktická príručka pre organizácie nezriadené za účelom podnikania, účtujúce v podvojnom účtovníctve 
250 |a 1. vyd 
260 |a Bratislava :  |b Slovenské neziskové servisné centrum,  |c 2005 
300 |a 346 s 
650 7 |a podvojné účtovníctvo  |2 stusub 
650 7 |a neziskové organizácie  |2 stusub 
700 1 |a Vršková, Jana  |4 aut 
996 |b 284M073385  |c M*11936-1  |l MMKN  |s A  |a 24  |w stu120570_0001